Film et histoire (notice n° 1961333)
[ vue normale ]
| 000 -LEADER | |
|---|---|
| fixed length control field | 00928cam a2200133 4500500 |
| 005 - DATE AND TIME OF LATEST TRANSACTION | |
| control field | 20260329034147.0 |
| 041 ## - LANGUAGE CODE | |
| Language code of text/sound track or separate title | fre |
| 042 ## - AUTHENTICATION CODE | |
| Authentication code | dc |
| 100 10 - MAIN ENTRY--PERSONAL NAME | |
| Personal name | Bimbenet, Jérôme |
| Relator term | author |
| 245 00 - TITLE STATEMENT | |
| Title | Film et histoire |
| 260 ## - PUBLICATION, DISTRIBUTION, ETC. | |
| Name of publisher, distributor, etc. | Armand Colin,<br/> |
| Date of publication, distribution, etc. | 2007.<br/> |
| 520 ## - SUMMARY, ETC. | |
| Summary, etc. | Comment et jusqu’à quel point l’historien doit-il tenir compte du cinéma du 20e siècle qui témoigne aussi bien des vérités que des efforts faits pour la travestir ? Comment ne pas être piégé par la force de l’image ! Véritable travail de méthodologie, ce livre s’appuie très concrètement sur une analyse très précise de films d'histoire, ou de propagande, comme ceux de Leni Riefenstahl ou d'Eisenstein, mais aussi d'œuvres plus récentes : Un long dimanche de fiançailles de Jean-Pierre Jeunet, ou Gladiator de Ridley Scott. |
| 856 41 - ELECTRONIC LOCATION AND ACCESS | |
| Uniform Resource Identifier | <a href="https://shs.cairn.info/film-et-histoire--9782200345570?lang=fr&redirect-ssocas=7080">https://shs.cairn.info/film-et-histoire--9782200345570?lang=fr&redirect-ssocas=7080</a> |
Pas d'exemplaire disponible.




Réseaux sociaux